<The> handbook of insurance-linked securities
Salvato in:
| Altri autori: | , |
|---|---|
| Natura: | Libro |
| Lingua: | inglese |
| Pubblicazione: |
Chichester
WILEY
2009
|
| Serie: | Wiley finance
|
| Soggetti: | |
| Tags: |
Nessun Tag, puoi essere il primo ad aggiungerne!!
|
MARC
| LEADER | 00000nam a2200000 4500 | ||
|---|---|---|---|
| 001 | 0234423 | ||
| 005 | 20240313132941.8 | ||
| 020 | |a 978-0-470-74383-6 | ||
| 041 | 0 | |a eng | |
| 044 | |a GB | ||
| 245 | 1 | 0 | |a <The> handbook of insurance-linked securities |c edited by: Pauline Barrieu and Luca Albertini |
| 264 | 1 | |a Chichester |b WILEY |c 2009 | |
| 300 | |a 372 s. | ||
| 490 | 1 | |a Wiley finance | |
| 830 | 0 | |a Wiley finance | |
| 610 | 2 | 0 | |a poistenie rizikové |
| 610 | 2 | 0 | |a bezpečnosť |
| 610 | 2 | 0 | |a poisťovne |
| 610 | 2 | 0 | |a trh poistný |
| 610 | 2 | 0 | |a poisťovníctvo |
| 610 | 2 | 0 | |a pohromy živelné |
| 610 | 2 | 0 | |a modely |
| 610 | 2 | 0 | |a analýzy |
| 610 | 2 | 0 | |a investori |
| 610 | 2 | 0 | |a portfólio |
| 610 | 2 | 0 | |a štúdie prípadové |
| 610 | 2 | 0 | |a poistenie životné |
| 610 | 2 | 0 | |a zdaňovanie |
| 610 | 2 | 0 | |a regulácia |
| 610 | 2 | 0 | |a kapitál |
| 610 | 2 | 0 | |a porovnanie medzinárodné |
| 700 | 1 | |a Barrieu, Pauline | |
| 700 | 1 | |a Albertini, Luca | |